00597nam a2200169Ia 4500001000600000003000500006008004100011010001100052040000900063100002500072245014500097260004100242300001000283502008000293650002600373650002800399Z_469CHAP220113s1972 xx 000 0 und d a163446 cCHAP aIslas Solares, Mario aEnsayo de trece variedades de alfalfa (Medicago sativa) en condiciones de temporal en el Valle de Toluca, Méx. /cpor Mario Islas Solares aChapingo, Méx. :bEl autor,c1972 a42 h. aTesis (Ing. Agrónomo Esp. en Zootecnia) -- ENA. Departamento de Zootecnia aAlfalfa como forraje  aAlfalfaxToluca, Méx.